| 000 | 00987nam a22002537a 4500 | ||
|---|---|---|---|
| 005 | 20240530110351.0 | ||
| 008 | 141222s2008 ua o f b 000 0 ara d | ||
| 017 |
_a2008/1920 _bمصر . دار الكتب المصرية |
||
| 020 | _a9772935996 | ||
| 040 | _aEG-CaGPL | ||
| 041 | 0 | _aara | |
| 082 | 0 | 4 |
_221 _a611\ _bم أ |
| 100 | 0 | _aمحمد فتحى فرج بيومى | |
| 245 | 1 | 0 |
_aاساسيات علم وظائف الاعضاء / _cمحمد فتحى فرج بيومى ، هانى عبدالحميد عبدالسميع |
| 250 | _aط1 | ||
| 260 |
_aالقاهرة : _bمكتبة الدار العربية للكتاب ، _c2008 |
||
| 300 |
_a284 ص : _bصور ؛ _c28 سم |
||
| 504 | _aببليوجرافية : ص 263 - 263 | ||
| 650 |
_aوظائف الاعضاء _xعلم |
||
| 650 | _aالاعضاء والانسجة | ||
| 700 | 0 |
_aهانى عبدالحميد عبدالسميع _eمؤلف مشارك |
|
| 942 |
_2ddc _cBK |
||
| 999 |
_c60065 _d60065 |
||